Expedición del maestre de campo Bernardo de Aldana a Hungría en 1548 / (Record no. 167622)
[ view plain ]
| 000 -LEADER | |
|---|---|
| campo de control de longitud fija | 01215nam a22002535i 4500 |
| 001 - NÚMERO DE CONTROL | |
| campo de control | 167622 |
| 003 - IDENTIFICADOR DE NÚMERO DE CONTROL | |
| campo de control | ES-MaACL |
| 005 - FECHA Y HORA DE LA ÚLTIMA TRANSACCIÓN | |
| campo de control | 20250905141121.0 |
| 008 - DATOS DE LONGITUD FIJA--INFORMACIÓN GENERAL | |
| campo de control de longitud fija | 960320s1878 sp |||| | spa d |
| 080 ## - NÚMERO DE LA CLASIFICACIÓN DECIMAL UNIVERSAL | |
| Número de la Clasificación Decimal Universal | 355 Aldana, Bernardo de |
| 080 ## - NÚMERO DE LA CLASIFICACIÓN DECIMAL UNIVERSAL | |
| Número de la Clasificación Decimal Universal | 94(439)"15" |
| 100 1# - ENTRADA PRINCIPAL--NOMBRE DE PERSONA | |
| Nombre de persona | Villela de Aldana, Juan. |
| 9 (RLIN) | 133763 |
| 245 10 - MENCIÓN DEL TÍTULO | |
| Título | Expedición del maestre de campo Bernardo de Aldana a Hungría en 1548 / |
| Mención de responsabilidad, etc. | escrita por frey Juan Villela de Aldana, su hermano, clérigo de la Orden de Alcántara ; publícala ahora por primera vez, abreviada y precedida de una introducción, Antonio Rodríguez Villa. |
| 260 ## - PUBLICACIÓN, DISTRIBUCIÓN, ETC. | |
| Lugar de publicación, distribución, etc. | Madrid : |
| Nombre del editor, distribuidor, etc. | Medina, |
| Fecha de publicación, distribución, etc. | 1878 ( |
| Fabricante | Estab. tip. de J.C. Conde y C.) |
| 300 ## - DESCRIPCIÓN FÍSICA | |
| Extensión | 112 p. ; |
| Dimensiones | 19 cm. |
| 530 ## - NOTA DISPONIBLE DE FORMULARIO FÍSICO ADICIONAL | |
| Nota de formato físico adicional disponible | Disponible en formato digital. |
| 596 ## - NOTA AL PIE DE IMPRENTA | |
| NOTA AL PIE DE IMPRENTA | Marca tip. en cub. |
| 600 14 - PUNTO DE ACCESO ADICIONAL DE MATERIA--NOMBRE DE PERSONA | |
| Nombre de persona | Aldana, Bernardo de. |
| 9 (RLIN) | 157249 |
| 651 #4 - PUNTO DE ACCESO ADICIONAL DE MATERIA--NOMBRE GEOGRÁFICO | |
| Nombre geográfico | Hungría- |
| Subdivisión general | Historia- |
| Subdivisión cronológica | 1526-1699, Ocupación turca. |
| 9 (RLIN) | 174389 |
| 700 1# - ENTRADA AGREGADA--NOMBRE PERSONAL | |
| Nombre de persona | Rodríguez Villa, Antonio, |
| Fechas asociadas al nombre | 1843-1912 |
| 9 (RLIN) | 98860 |
| 852 4# - LOCALIZACIÓN | |
| Ubicación | ES-MaACL |
| Número de control de estantería | T-879-F-4 |
| Nota libre | - Enc. hol. |
| -- | - Enc. en un vol. facticio |
| 856 4# - LOCALIZACIÓN Y ACCESO ELECTRÓNICOS | |
| Identificador Uniforme de Recursos | <a href="http://ciconia.gobex.es/biblioteca/es/consulta/registro.cmd?id=3877">http://ciconia.gobex.es/biblioteca/es/consulta/registro.cmd?id=3877</a> |
| Nota pública | Biblioteca Digital del Patrimonio Cultural de Extremadura |
| Estatus retirado | Estado de pérdida | Estado de daño | No para préstamo | Colección | Biblioteca de origen | Biblioteca actual | Ubicación en estantería | Fecha de adquisición | Total de préstamos | Signatura topográfica completa | Código de barras | Visto por última vez | Precio de reemplazo | Tipo de ítem Koha |
|---|---|---|---|---|---|---|---|---|---|---|---|---|---|---|
| Colección de folletos | Biblioteca del Ateneo de Madrid | Biblioteca del Ateneo de Madrid | Depósito folletos | 17/01/2008 | T-879-F-4 | 1175856 | 23/02/2023 | 23/02/2023 | Folleto |
